Catálogo

Vista normal Vista MARC

Entrada Personal Name

Número de registros utilizados en: 1

001 - CONTROL NUMBER

  • control field: 16053

003 - CONTROL NUMBER IDENTIFIER

  • control field: DLC

005 - DATE AND TIME OF LATEST TRANSACTION

  • control field: 20240807123109.0

008 - FIXED-LENGTH DATA ELEMENTS

  • fixed length control field: 790815n| azannaabn |a aaa

010 ## - LIBRARY OF CONGRESS CONTROL NUMBER

  • LC control number: n 79071137

016 ## - NATIONAL BIBLIOGRAPHIC AGENCY CONTROL NUMBER

  • Record control number: 0103A2835E

035 ## - SYSTEM CONTROL NUMBER

  • System control number: (OCoLC)oca00303934

040 ## - CATALOGING SOURCE

  • Original cataloging agency: DLC
  • Language of cataloging: spa
  • Description conventions: rda
  • Transcribing agency: Mx-PuUPA
  • Modifying agency: DLC
  • Modifying agency: OrU
  • Modifying agency: OCoLC
  • Modifying agency: Uk
  • Modifying agency: UPB
  • Modifying agency: NAlfC
  • Modifying agency: DLC
  • Modifying agency: OCoLC
  • Modifying agency: CaOONL
  • Modifying agency: Mx-PuUPA

042 ## - AUTHENTICATION CODE

  • Authentication code: lac

046 ## - SPECIAL CODED DATES

  • Birth date: 19090728
  • Death date: 19570626
  • Source of date scheme: edtf

053 #0 - LC CLASSIFICATION NUMBER

  • Classification number element--single number or beginning number of span: PR6023.O96

065 ## - OTHER CLASSIFICATION NUMBER

  • Classification number element--single number or beginning of span: PS8523.O96
  • Number source: fcps
  • Institution to which field applies: CaOONL

100 1# - HEADING--PERSONAL NAME

  • Personal name: Lowry, Malcolm,
  • Dates associated with a name: 1909-1957

370 ## - ASSOCIATED PLACE

  • Place of birth: New Brighton (Wirral, Inglaterra)
  • Place of death: East Sussex (Inglaterra)
  • Associated country: Canada
  • Source of term: naf

374 ## - OCCUPATION

  • Occupation: Poeta
  • Occupation: Novelista
  • Occupation: Autor
  • Source of term: lcsh

375 ## - GENDER

  • Gender: hombre

377 ## - ASSOCIATED LANGUAGE

  • Language code: eng

378 ## - FULLER FORM OF PERSONAL NAME

  • Fuller form of personal name: Clarence Malcolm Boden

400 1# - SEE FROM TRACING--PERSONAL NAME

  • Personal name: Lowry, Clarence Malcolm
  • Dates associated with a name: 1909-1957

670 ## - SOURCE DATA FOUND

  • Source citation: His Under the volcano, 1947.

670 ## - SOURCE DATA FOUND

  • Source citation: BL database, 15 June 2007
  • Information found: (hdg.: Lowry, Clarence Malcolm Boden)

670 ## - SOURCE DATA FOUND

  • Source citation: Bajo el embrujo del volcán, 2012:
  • Information found: page 4 of cover (essay about the life and work of Malcolm Lowry)

670 ## - SOURCE DATA FOUND

  • Source citation: Wikipedia, February 19, 2014
  • Information found: (Clarence Malcolm Lowry; born July 28, 1909 in New Brighton, Merseyside, England; died June 26, 1957 in Ripe, East Sussex, England; English poet and novelist)

670 ## - SOURCE DATA FOUND

  • Source citation: Canadiana, May 29, 2024
  • Information found: (heading: Lowry, Malcolm, 1909-1957; variant: Lowry, Clarence Malcolm,1909-1957; Person associated with Canada)